[Event "TCh-CHN 2016"]
[Site "China CHN"]
[Date "2016.12.03"]
[Round "20.6"]
[Board "3"]
[White "Yu, Ruiyuan"]
[Black "Inarkiev, Ernesto"]
[Result "1/2-1/2"]
[WhiteTitle "GM"]
[BlackTitle "GM"]
[WhiteElo "2516"]
[BlackElo "2729"]
[WhiteTeam "Jiangsu"]
[BlackTeam "Qingdao"]
[WhiteFideId "8603090"]
[BlackFideId "4162722"]
[EventDate "2016.04.12"]

1. e4 c5 2. Nf3 d6 3. Bb5+ Nd7 4. d4 cxd4 5. Qxd4 a6 6. Bxd7+ Bxd7 7. c4 Nf6 8.
Bg5 e6 9. Nc3 h6 10. Bh4 Be7 11. O-O Bc6 12. Rfe1 O-O 13. Rad1 b5 14. Bxf6 Bxf6
15. Qxd6 Qxd6 16. Rxd6 Rfc8 17. cxb5 axb5 18. Nd4 Be8 19. Ndxb5 Bxb5 20. Nxb5
Rxa2 21. Rd2 Rxb2 22. Rxb2 Bxb2 23. f4 Rc5 24. Nd6 g5 25. g3 Rc2 26. Rf1 Rd2 27.
Nb5 Rd3 28. Kg2 Kg7 29. Rf3 Rd1 30. Rf1 Rd7 31. e5 Kg6 32. Nd6 Ba3 33. fxg5 hxg5
34. Rf6+ Kg7 35. Rf3 Bxd6 36. Rd3 g4 37. h4 gxh3+ 38. Kxh3 f6 39. exd6 Kf7 40.
Kg4 Ke8 41. Rf3 Rg7+ 42. Kh5 Rg5+ 43. Kh4 Kf7 44. Ra3 Rd5 45. Ra7+ Kg6 46. d7 f5
47. g4 Rd4 48. Ra4 Rxd7 49. gxf5+ Kxf5 50. Kg3 Rd3+ 51. Kf2 e5 52. Ke2 Rh3 53.
Rb4 e4 54. Rb8 Rh2+ 55. Ke3 Rh3+ 56. Ke2 Rh2+ 1/2-1/2

[Event "TCh-CHN 2016"]
[Site "China CHN"]
[Date "2016.12.03"]
[Round "20.6"]
[Board "4"]
[White "Zhou, Guijue"]
[Black "Yuan, Ye"]
[Result "1-0"]
[WhiteTitle "WIM"]
[WhiteElo "2239"]
[BlackElo "2212"]
[WhiteTeam "Qingdao"]
[BlackTeam "Jiangsu"]
[WhiteFideId "8602905"]
[BlackFideId "8608415"]
[EventDate "2016.04.12"]

1. e4 c5 2. Nf3 e6 3. c3 Nf6 4. e5 Nd5 5. d4 cxd4 6. cxd4 d6 7. Bc4 Nc6 8. O-O
Be7 9. Bd2 O-O 10. Nc3 Nb6 11. Bb3 dxe5 12. dxe5 Na5 13. Bc2 Nac4 14. Qe2 Nxd2
15. Nxd2 Bd7 16. Nde4 f5 17. exf6 Bxf6 18. Rad1 Qe7 19. Nxf6+ Qxf6 20. Be4 Rab8
21. Rd3 g6 22. Rfd1 Qg7 23. Rg3 Rf6 24. h4 Rbf8 25. Rf1 Bc6 26. h5 Nd5 27. hxg6
hxg6 28. Nxd5 exd5 29. Bd3 Re8 30. Re3 Rff8 31. b3 Qf6 32. Qg4 Kg7 33. Rg3 Rh8
34. Qxg6+ Qxg6 35. Bxg6 Re7 36. Bd3+ Kf6 37. Re3 Rxe3 38. fxe3+ Ke5 39. Rf5+ Kd6
40. Rf4 Bd7 41. Kf2 Rh1 42. Bf1 Ke5 43. g4 Rh2+ 44. Bg2 Rh6 45. Kg3 Rg6 46. Bf3
a5 47. Rf7 Kd6 48. Kh4 Rg8 49. g5 Rh8+ 50. Kg3 Rh3+ 51. Kg2 Rh8 52. g6 Be8 53.
Rxb7 Rg8 54. Bh5 Kc5 55. a4 Bxg6 56. Bxg6 Rxg6+ 57. Kf3 Ra6 58. Rb5+ Kc6 59. Ke2
Ra8 60. Kd3 Ra7 61. Kd4 Re7 62. Rxa5 Re4+ 63. Kd3 Rh4 64. Rb5 Rh1 65. b4 Ra1 66.
Rc5+ Kd6 67. a5 Rd1+ 68. Kc2 Re1 69. a6 Rxe3 70. a7 Re8 71. Ra5 Ra8 72. Kd3 Kc6
73. Kd4 Kb6 74. Kxd5 Rd8+ 75. Kc4 Rc8+ 76. Kd5 Rd8+ 77. Ke6 Ra8 78. Kd7 Kb7 79.
Rb5+ Ka6 80. Rb8 Rxa7+ 81. Kc6 1-0

[Event "TCh-CHN 2016"]
[Site "China CHN"]
[Date "2016.12.03"]
[Round "20.6"]
[Board "5"]
[White "Nguyen, Thi Mai Hung"]
[Black "Guo, Qi"]
[Result "1/2-1/2"]
[WhiteTitle "WGM"]
[BlackTitle "IM"]
[WhiteElo "2357"]
[BlackElo "2436"]
[WhiteTeam "Qingdao"]
[BlackTeam "Jiangsu"]
[WhiteFideId "12401676"]
[BlackFideId "8604002"]
[EventDate "2016.04.12"]

1. d4 d5 2. c4 e6 3. Nc3 Bb4 4. cxd5 exd5 5. Nf3 Nf6 6. Bg5 h6 7. Bxf6 Qxf6 8.
Qb3 c5 9. dxc5 Bxc3+ 10. bxc3 O-O 11. e3 Be6 12. Nd4 Nd7 13. Qa3 Qe7 14. Be2
Rfc8 15. O-O Qxc5 16. Qb4 Rab8 17. Rfc1 Nf6 18. Rab1 Ne4 19. Qxc5 Rxc5 20. c4
dxc4 21. Nxe6 fxe6 22. Rxc4 Rxc4 23. Bxc4 Kf7 24. Rc1 Nc5 25. Kf1 Ke7 26. f4 b6
27. Rc2 Rc8 28. Be2 Rd8 29. g3 Kf6 30. Kf2 Rd6 31. Kf3 e5 32. h4 Rd8 33. g4 exf4
34. exf4 g5 1/2-1/2

[Event "TCh-CHN 2016"]
[Site "China CHN"]
[Date "2016.12.04"]
[Round "21.1"]
[Board "1"]
[White "Lin, Chen"]
[Black "Zeng, Chongsheng"]
[Result "1/2-1/2"]
[WhiteTitle "GM"]
[BlackTitle "GM"]
[WhiteElo "2526"]
[BlackElo "2549"]
[WhiteTeam "Jiangsu"]
[BlackTeam "Guangdong"]
[WhiteFideId "8602298"]
[BlackFideId "8603847"]
[EventDate "2016.04.12"]

1. e4 c5 2. Nf3 e6 3. c3 Nf6 4. e5 Nd5 5. Bc4 Nb6 6. Bb3 c4 7. Bc2 d6 8. d4 cxd3
9. Qxd3 Nc6 10. exd6 Qxd6 11. O-O Qxd3 12. Bxd3 Bd7 13. Nbd2 O-O-O 14. Nc4 Nd5
15. Nce5 Nxe5 16. Nxe5 Be8 17. Be4 f6 18. Nf3 Bg6 19. Re1 e5 20. Bxg6 hxg6 21.
Be3 e4 22. Nd4 Bd6 23. h3 Be5 24. Ne6 Rde8 25. Nc5 f5 26. Rad1 Nxe3 27. Rxe3 g5
28. Rd5 g6 29. Re1 Bc7 30. Kf1 Rh4 31. Red1 e3 32. Re1 g4 33. Rxe3 Rxe3 34. fxe3
gxh3 35. gxh3 Rxh3 36. e4 Rh1+ 37. Ke2 Rh2+ 38. Kd3 fxe4+ 39. Nxe4 Rxb2 40. Rg5
Rb6 41. a4 Bd8 42. Rd5 Be7 43. Ra5 a6 44. Rd5 Rb1 45. Kc4 b6 46. Rd4 Kc7 47. Kd5
Re1 48. Rc4+ Kb7 49. Rd4 Bf8 50. Rd2 Bh6 51. Rg2 Rd1+ 52. Kc4 Bf8 53. Rf2 Re1
54. Kd5 Rd1+ 55. Kc4 Be7 56. Rf7 Rd7 57. Rg7 g5 58. Nxg5 Rc7+ 59. Kb3 Bxg5 1/2-1/2

[Event "TCh-CHN 2016"]
[Site "China CHN"]
[Date "2016.12.04"]
[Round "21.1"]
[Board "2"]
[White "Wei, Yi"]
[Black "Ganguly, Surya Shekhar"]
[Result "1-0"]
[WhiteTitle "GM"]
[BlackTitle "GM"]
[WhiteElo "2700"]
[BlackElo "2672"]
[WhiteTeam "Jiangsu"]
[BlackTeam "Guangdong"]
[WhiteFideId "8603405"]
[BlackFideId "5002150"]
[EventDate "2016.04.12"]

1. d4 d5 2. Bf4 Nf6 3. e3 e6 4. Nd2 c5 5. c3 Nc6 6. Ngf3 Bd6 7. Bg3 O-O 8. Bb5
Ne7 9. Bd3 c4 10. Bb1 b5 11. Bh4 Ng6 12. Bxf6 Qxf6 13. h4 e5 14. h5 Ne7 15. dxe5
Bxe5 16. Nxe5 Qxe5 17. Nf3 Qd6 18. Rh4 Rb8 19. Bc2 b4 20. h6 gxh6 21. Rxc4 bxc3
22. bxc3 Qa3 23. Rc7 Re8 24. Qd4 Be6 25. Qxa7 Qb2 26. Rb1 Qxb1+ 27. Bxb1 Rxb1+
28. Ke2 Nc8 29. Qa3 Bg4 30. Qa4 Rb2+ 31. Kf1 Re4 32. Qa8 Rc4 33. Rxc4 dxc4 34.
Kg1 Kg7 35. Nd4 1-0

[Event "TCh-CHN 2016"]
[Site "China CHN"]
[Date "2016.12.04"]
[Round "21.1"]
[Board "3"]
[White "Yu, Ruiyuan"]
[Black "Xu, Yinglun"]
[Result "1-0"]
[WhiteTitle "GM"]
[WhiteElo "2516"]
[BlackElo "2523"]
[WhiteTeam "Jiangsu"]
[BlackTeam "Guangdong"]
[WhiteFideId "8603090"]
[BlackFideId "8604940"]
[EventDate "2016.04.12"]

1. e4 c5 2. Nf3 d6 3. Bb5+ Bd7 4. Bxd7+ Nxd7 5. c4 g6 6. Nc3 Bg7 7. d4 cxd4 8.
Nxd4 Ngf6 9. O-O O-O 10. b3 a6 11. Be3 Rc8 12. Rc1 Qa5 13. Rc2 Rfe8 14. f3 Kh8
15. Qd2 e6 16. Rfc1 d5 17. cxd5 exd5 18. Nxd5 Qxd2 19. Bxd2 Rxc2 20. Nxc2 Nxd5
21. exd5 Nb6 22. d6 Rd8 23. Bb4 Nc8 24. Re1 Bf8 1-0

[Event "TCh-CHN 2016"]
[Site "China CHN"]
[Date "2016.12.04"]
[Round "21.1"]
[Board "4"]
[White "Padmini, Rout"]
[Black "Guo, Qi"]
[Result "0-1"]
[WhiteTitle "IM"]
[BlackTitle "IM"]
[WhiteElo "2408"]
[BlackElo "2436"]
[WhiteTeam "Guangdong"]
[BlackTeam "Jiangsu"]
[WhiteFideId "5029295"]
[BlackFideId "8604002"]
[EventDate "2016.04.12"]

1. e4 e5 2. Bc4 Nf6 3. d3 c6 4. Nf3 d5 5. Bb3 Bb4+ 6. Bd2 Bxd2+ 7. Qxd2 Qd6 8.
h3 O-O 9. Nc3 Be6 10. O-O Nbd7 11. Ng5 Nc5 12. exd5 Bxd5 13. Bxd5 Nxd5 14. Nge4
Qe7 15. Rae1 Ne6 16. Ng3 Qb4 17. Nge4 Qe7 18. Nxd5 cxd5 19. Ng3 Qc7 20. Nf5 Rfe8
21. c3 Rad8 22. a3 f6 23. d4 e4 24. f3 exf3 25. Rxf3 Ng5 26. Rff1 Ne4 27. Qf4
Qxf4 28. Rxf4 Nd2 29. Rd1 Nc4 30. Rf2 g6 31. Ng3 Rd6 32. a4 Rb6 33. b4 Rbe6 34.
a5 Re3 35. Kh2 f5 36. Rc1 Nd6 37. Nf1 Rd3 38. Rd2 Rxd2 39. Nxd2 Re2 40. Nf3 Kg7
41. Ne5 f4 42. Rf1 g5 43. h4 h6 44. hxg5 hxg5 45. Kh3 Nf5 0-1

[Event "TCh-CHN 2016"]
[Site "China CHN"]
[Date "2016.12.04"]
[Round "21.1"]
[Board "5"]
[White "Li, Xueyi"]
[Black "Yuan, Ye"]
[Result "0-1"]
[WhiteElo "2112"]
[BlackElo "2212"]
[WhiteTeam "Guangdong"]
[BlackTeam "Jiangsu"]
[WhiteFideId "8605912"]
[BlackFideId "8608415"]
[EventDate "2016.04.12"]

1. d4 Nf6 2. c4 g6 3. g3 Bg7 4. Bg2 d5 5. cxd5 Nxd5 6. Nf3 Nb6 7. Nc3 Nc6 8. e3
O-O 9. O-O Re8 10. Re1 a5 11. Nh4 a4 12. f4 a3 13. Nb5 axb2 14. Bxb2 Na4 15. Ba3
Nc3 16. Nxc3 Rxa3 17. Nb5 Ra5 18. a4 Na7 19. Rb1 c6 20. Nxa7 Rxa7 21. d5 cxd5
22. Bxd5 e6 23. Bb3 Qa5 24. Nf3 b6 25. Ng5 Rd7 26. Qc2 h6 27. Ne4 Bb7 28. Rbd1
Red8 29. Nf2 Rd2 30. Rxd2 Rxd2 31. Qc7 Rd7 32. Qc1 Qb4 33. Rd1 Rxd1+ 34. Qxd1
Qc3 35. Qd3 Qe1+ 36. Qf1 Qxe3 0-1

[Event "TCh-CHN 2016"]
[Site "China CHN"]
[Date "2016.12.04"]
[Round "21.2"]
[Board "1"]
[White "Inarkiev, Ernesto"]
[Black "Dai, Changren"]
[Result "1-0"]
[WhiteTitle "GM"]
[WhiteElo "2729"]
[BlackElo "2361"]
[WhiteTeam "Qingdao"]
[BlackTeam "Tianjing"]
[WhiteFideId "4162722"]
[BlackFideId "8608156"]
[EventDate "2016.04.12"]

1. d4 Nf6 2. c4 g6 3. Nc3 Bg7 4. e4 d6 5. Nge2 e5 6. f3 O-O 7. Be3 c6 8. Qd2
Nbd7 9. O-O-O a6 10. Bh6 b5 11. h4 Qa5 12. Bxg7 Kxg7 13. a3 Rb8 14. h5 b4 15.
Na2 c5 16. dxe5 dxe5 17. Kb1 Qa4 18. axb4 cxb4 19. g4 Nc5 20. hxg6 fxg6 21. Qh6+
Kg8 22. Rd5 Ne6 23. Nac1 Qc6 24. g5 Nxg5 25. Qxg5 Nxd5 26. cxd5 Qc7 27. Bg2 Bd7
28. Nd3 Bb5 29. Qd2 Qc4 30. Nec1 Qd4 31. Rd1 Rfc8 32. Nxb4 Qc5 33. Bh3 1-0

[Event "TCh-CHN 2016"]
[Site "China CHN"]
[Date "2016.12.04"]
[Round "21.2"]
[Board "3"]
[White "Mu, Ke"]
[Black "Wang, Yue"]
[Result "0-1"]
[BlackTitle "GM"]
[WhiteElo "2418"]
[BlackElo "2718"]
[WhiteTeam "Qingdao"]
[BlackTeam "Tianjing"]
[WhiteFideId "8602778"]
[BlackFideId "8601429"]
[EventDate "2016.04.12"]

1. e4 c5 2. Nf3 Nc6 3. d4 cxd4 4. Nxd4 e6 5. Nc3 Qc7 6. Be3 a6 7. Qf3 Nf6 8.
O-O-O Nxd4 9. Bxd4 e5 10. Be3 h6 11. Qg3 d6 12. f4 Be6 13. Bd3 Nh5 14. Qf3 Nxf4
15. Bxf4 exf4 16. Nd5 Bxd5 17. exd5 Be7 18. Rhe1 Kf8 19. Kb1 Bf6 20. Qxf4 Qb6
21. c3 Bxc3 22. Re2 Be5 23. Qf3 Bf6 24. Rc1 Rd8 25. Qf5 h5 26. g3 Rh6 27. Rc8 g6
28. Qxf6 Rxc8 29. Rf2 Qc7 30. Rc2 Qd8 31. Rxc8 Qxc8 32. Qxd6+ Kg8 33. Qf6 h4 34.
a3 hxg3 35. hxg3 Rh1+ 36. Ka2 Qc5 37. Qf3 Re1 38. Be2 Qd4 39. g4 Kg7 40. Bf1 Re3
41. Qg2 Re5 0-1

[Event "TCh-CHN 2016"]
[Site "China CHN"]
[Date "2016.12.04"]
[Round "21.2"]
[Board "4"]
[White "Xiao, Yiyi"]
[Black "Nguyen, Thi Mai Hung"]
[Result "1/2-1/2"]
[WhiteTitle "WFM"]
[BlackTitle "WGM"]
[WhiteElo "2222"]
[BlackElo "2357"]
[WhiteTeam "Tianjing"]
[BlackTeam "Qingdao"]
[WhiteFideId "8606161"]
[BlackFideId "12401676"]
[EventDate "2016.04.12"]

1. d4 d5 2. c4 c6 3. cxd5 cxd5 4. Nc3 Nc6 5. Bf4 Nf6 6. e3 a6 7. Bd3 Bg4 8. Nge2
e6 9. O-O Be7 10. Rc1 O-O 11. f3 Bh5 12. Bg3 Rc8 13. Nf4 Na5 14. Nxh5 Nxh5 15.
Bf2 Rc6 16. Bb1 Nc4 17. Qd3 g6 18. b3 Na3 19. Ne2 Qd7 20. Rxc6 Qxc6 21. Qd2 Nxb1
22. Rxb1 Ba3 23. b4 Rc8 24. Rb3 Qc2 25. Qxc2 Rxc2 26. Rxa3 Rxe2 27. Bh4 Kg7 28.
b5 axb5 29. Rb3 Rxa2 30. Rxb5 Ra7 31. Be7 Nf6 32. Bc5 Ra1+ 33. Kf2 Ra2+ 34. Kf1
Nd7 35. Rxb7 1/2-1/2

[Event "TCh-CHN 2016"]
[Site "China CHN"]
[Date "2016.12.04"]
[Round "21.2"]
[Board "5"]
[White "Ni, Shiqun"]
[Black "Zhou, Guijue"]
[Result "1-0"]
[WhiteTitle "WGM"]
[BlackTitle "WIM"]
[WhiteElo "2363"]
[BlackElo "2239"]
[WhiteTeam "Tianjing"]
[BlackTeam "Qingdao"]
[WhiteFideId "8608466"]
[BlackFideId "8602905"]
[EventDate "2016.04.12"]

1. e4 c5 2. Nf3 Nc6 3. Bb5 e6 4. O-O Nge7 5. Re1 a6 6. Bf1 d5 7. exd5 Nxd5 8. d4
Nf6 9. Be3 Be7 10. dxc5 Qxd1 11. Rxd1 Nd5 12. Bg5 Bxc5 13. c4 Nf6 14. Nc3 O-O
15. a3 a5 16. Rd2 h6 17. Bf4 b6 18. Rad1 Ba6 19. Bd6 Rfd8 20. Bxc5 bxc5 21.
Rxd8+ Rxd8 22. Rxd8+ Nxd8 23. Ne5 Kf8 24. Na4 Nb7 25. g3 Ke8 26. Bg2 Nd6 27. b3
Nfe4 28. Bxe4 Nxe4 29. f3 Nd2 30. Nxc5 Bc8 31. Kf2 f6 32. Ke2 Nb1 33. Ned3 Nxa3
34. Kd2 e5 35. Kc3 Ke7 36. Kb2 Nxc4+ 37. bxc4 Kd6 38. Nb3 a4 39. Nbc5 f5 40. Ka3
g5 41. Nxa4 Bb7 42. Ne1 h5 43. h4 f4 44. hxg5 fxg3 45. Ng2 Bxf3 46. Nh4 Bc6 47.
Nc3 g2 48. Ne2 Kc5 49. Kb3 Bd7 50. Nxg2 Be6 51. Ne3 Bf7 52. Kc3 h4 53. Ng1 Bg6
54. Nh3 Bf7 55. Nf2 Bg6 56. Ng2 Bf7 57. Ne4+ 1-0

[Event "TCh-CHN 2016"]
[Site "China CHN"]
[Date "2016.12.04"]
[Round "21.3"]
[Board "1"]
[White "Wen, Yang"]
[Black "Bai, Jinshi"]
[Result "1-0"]
[WhiteTitle "GM"]
[BlackTitle "GM"]
[WhiteElo "2614"]
[BlackElo "2564"]
[WhiteTeam "Shandong"]
[BlackTeam "Hangzhou"]
[WhiteFideId "8602956"]
[BlackFideId "8602280"]
[EventDate "2016.04.12"]

1. d4 Nf6 2. Nf3 g6 3. Bf4 Bg7 4. c3 d6 5. h3 O-O 6. e3 c5 7. dxc5 dxc5 8. Qxd8
Rxd8 9. Nbd2 Nc6 10. Bb5 Bd7 11. O-O-O Nb4 12. Bxd7 Nd3+ 13. Kc2 Rxd7 14. Ne5
Nxe5 15. Bxe5 Nd5 16. Bh2 Rad8 17. Nc4 f5 18. a4 a6 19. a5 Kf7 20. Rhe1 Ke8 21.
f3 Bh6 22. Bg1 Bf8 23. Rd2 Bh6 24. Rde2 Bf8 25. g3 Nf6 26. g4 e6 27. Bh2 Rf7 28.
g5 Nd5 29. Ne5 Rg7 30. e4 Ne7 31. Nc4 f4 32. Bxf4 Nc6 33. Bg3 Rgd7 34. h4 Kf7
35. Rh1 Bg7 36. Reh2 Kg8 37. h5 Rf7 38. hxg6 hxg6 39. Rf2 Rfd7 40. Bf4 Rf7 41.
Be3 Bf8 42. Rfh2 Bg7 43. Rh3 Rfd7 44. Bxc5 Ne5 45. Nxe5 Rd2+ 46. Kb3 Bxe5 47. f4
Bg7 48. Bd4 R8xd4 49. cxd4 Rxd4 50. Re3 Rd2 51. e5 Rd4 52. Rf3 Bf8 53. Ra1 Rb4+
54. Kc3 Be7 55. b3 Rb5 56. Ra4 Rc5+ 57. Kb2 Rd5 58. Kc2 Rb5 59. Rd3 Kf7 60. Rh3
Bb4 61. Ra1 Bxa5 62. Rh7+ Kf8 63. Rah1 Rc5+ 64. Kb1 1-0

[Event "TCh-CHN 2016"]
[Site "China CHN"]
[Date "2016.12.04"]
[Round "21.3"]
[Board "2"]
[White "Bu, Xiangzhi"]
[Black "Gao, Rui"]
[Result "1/2-1/2"]
[WhiteTitle "GM"]
[BlackTitle "GM"]
[WhiteElo "2719"]
[BlackElo "2552"]
[WhiteTeam "Shandong"]
[BlackTeam "Hangzhou"]
[WhiteFideId "8601445"]
[BlackFideId "8602387"]
[EventDate "2016.04.12"]

1. Nf3 Nf6 2. c4 g6 3. Nc3 d5 4. cxd5 Nxd5 5. h4 Bg7 6. e4 Nxc3 7. dxc3 Qxd1+ 8.
Kxd1 Nd7 9. Bc4 Nc5 10. Re1 Bd7 11. Kc2 a5 12. Bf4 b5 13. Bf1 O-O 14. Ne5 Be8
15. Rad1 b4 16. Bc4 bxc3 17. bxc3 Ba4+ 18. Bb3 Rfb8 19. Bxa4 Nxa4 20. Rb1 Rb6
21. Rxb6 cxb6 22. Rd1 Rc8 23. Nc6 Kf8 24. Rd7 f5 25. Nxe7 Rxc3+ 26. Kd2 Rc4 27.
Nd5 Rxe4 28. f3 Rd4+ 29. Ke3 Ke8 30. Re7+ Kf8 31. Rd7 Ke8 32. Re7+ Kf8 33. Rxg7
Rxd5 34. Rxh7 Nc3 35. Rb7 b5 36. a3 Ke8 37. Bc7 b4 38. axb4 a4 39. Ra7 Nb5 40.
Ra8+ Kf7 41. Bb6 a3 42. Ra5 Rd1 43. Kf4 Nc3 44. Ra7+ Kf6 45. Ra6 Kf7 46. Rxa3
Nd5+ 47. Kg5 Nxb6 48. Ra7+ Nd7 49. b5 Rd2 1/2-1/2

[Event "TCh-CHN 2016"]
[Site "China CHN"]
[Date "2016.12.04"]
[Round "21.3"]
[Board "3"]
[White "Zhao, Jun"]
[Black "Ma, Qun"]
[Result "1/2-1/2"]
[WhiteTitle "GM"]
[BlackTitle "GM"]
[WhiteElo "2634"]
[BlackElo "2613"]
[WhiteTeam "Shandong"]
[BlackTeam "Hangzhou"]
[WhiteFideId "8602522"]
[BlackFideId "8603154"]
[EventDate "2016.04.12"]

1. d4 d5 2. c4 e6 3. Nc3 Nf6 4. cxd5 exd5 5. Bg5 c6 6. e3 Nbd7 7. Bd3 Be7 8. Qc2
Nh5 9. Bxe7 Qxe7 10. Nf3 Nf4 11. Bf1 Nb6 12. O-O-O Nh5 13. h3 Nf6 14. Bd3 Be6
15. Kb1 O-O-O 16. Nd2 Kb8 17. Ne2 Bc8 18. Ka1 Rhe8 19. Nc3 g6 20. Rb1 Be6 21. b3
Rc8 22. Qb2 Bf5 23. Bxf5 gxf5 24. Ne2 Ne4 25. Nxe4 dxe4 26. g3 Nd5 27. b4 Rc7
28. Rhc1 Qd6 29. Rc5 b6 30. Rc4 Kb7 31. Rbc1 Rec8 32. Qb3 Ra8 33. Nc3 Nxc3 34.
R4xc3 Rac8 35. Kb2 Qd5 36. a3 Qd7 37. h4 Qd8 38. Qc2 Qd7 39. Qe2 Qe6 40. R1c2
Qf6 41. Qc4 Rd8 42. a4 Qe7 43. Kb1 Qe6 44. Kb2 Rd5 45. Qb3 Qd6 46. Rc4 Kc8 47.
R4c3 Kd8 48. Rc4 Kc8 49. Kb1 Kd8 50. Kb2 Kc8 51. R2c3 Kb7 52. Rc1 Kb8 53. R1c2 1/2-1/2

[Event "TCh-CHN 2016"]
[Site "China CHN"]
[Date "2016.12.04"]
[Round "21.3"]
[Board "4"]
[White "Dzagnidze, Nana"]
[Black "Chu, Ruotong"]
[Result "1-0"]
[WhiteTitle "GM"]
[WhiteElo "2535"]
[BlackElo "2078"]
[WhiteTeam "Hangzhou"]
[BlackTeam "Shandong"]
[WhiteFideId "13601903"]
[BlackFideId "8605653"]
[EventDate "2016.04.12"]

1. Nf3 Nf6 2. c4 g6 3. b3 Bg7 4. Bb2 O-O 5. g3 c5 6. Bg2 d6 7. d4 Na6 8. O-O
cxd4 9. Nxd4 Nc5 10. Nc3 Ne6 11. e3 Qb6 12. Nde2 Nc5 13. Nf4 Bg4 14. Qd2 Qa5 15.
h3 Bf5 16. g4 Bd7 17. Rfd1 g5 18. Nfd5 Nxd5 19. Nxd5 Qd8 20. Bxg7 Kxg7 21. b4
Ne6 22. c5 dxc5 23. bxc5 f6 24. Nxf6 Ba4 25. Nh5+ Kf7 26. Bd5 Bxd1 27. Rxd1 Qd7
28. Qc2 Rad8 29. Qxh7+ Ke8 30. Ng7+ 1-0

[Event "TCh-CHN 2016"]
[Site "China CHN"]
[Date "2016.12.04"]
[Round "21.3"]
[Board "5"]
[White "Zhao, Shengxin"]
[Black "Zhai, Mo"]
[Result "0-1"]
[WhiteTitle "WFM"]
[BlackTitle "WGM"]
[WhiteElo "1949"]
[BlackElo "2371"]
[WhiteTeam "Hangzhou"]
[BlackTeam "Shandong"]
[WhiteFideId "8608040"]
[BlackFideId "8600201"]
[EventDate "2016.04.12"]

1. d4 Nf6 2. c4 e6 3. g3 d5 4. Bg2 dxc4 5. Nf3 Nc6 6. Qa4 Bb4+ 7. Bd2 Nd5 8.
Bxb4 Nxb4 9. O-O Rb8 10. Nc3 a6 11. Ne5 O-O 12. Nxc6 bxc6 13. a3 Nd5 14. Qxc4
Rxb2 15. Rfb1 Rxb1+ 16. Rxb1 Qd6 17. a4 Nb6 18. Qxc6 Qxd4 19. Rd1 Qe5 20. a5 Bd7
21. Qb7 Na4 22. Ne4 Bb5 23. Rc1 f5 24. Ng5 Nc3 25. Nf3 Nxe2+ 26. Kh1 Qe4 27.
Qxc7 Nxc1 28. Qxc1 Qc4 29. Qd2 Qd3 30. Qe1 Qe2 0-1

[Event "TCh-CHN 2016"]
[Site "China CHN"]
[Date "2016.12.04"]
[Round "21.4"]
[Board "1"]
[White "Liu, Guanchu"]
[Black "Lin, Yi"]
[Result "1/2-1/2"]
[WhiteTitle "IM"]
[WhiteElo "2366"]
[BlackElo "2276"]
[WhiteTeam "Chengdu"]
[BlackTeam "Shenzhen"]
[WhiteFideId "8603901"]
[BlackFideId "8602735"]
[EventDate "2016.04.12"]

1. e4 e5 2. Nf3 Nf6 3. Nxe5 d6 4. Nf3 Nxe4 5. d4 d5 6. Bd3 Nc6 7. O-O Be7 8.
Nbd2 Bf5 9. Re1 Nxd2 10. Qxd2 Bxd3 11. Qxd3 O-O 12. c3 h6 13. Bd2 Bd6 14. g3 Qf6
15. Nh4 Ne7 16. Re2 g5 17. Ng2 Qf5 18. Qb5 c6 19. Qb3 b5 20. f4 g4 21. Rae1 Qd7
22. Qc2 Nf5 23. Rf1 f6 24. Rfe1 Ng7 25. Qg6 h5 26. Nh4 Rae8 27. Nf5 Rxe2 28.
Nh6+ Kh8 29. Rxe2 f5 30. h3 gxh3 1/2-1/2

[Event "TCh-CHN 2016"]
[Site "China CHN"]
[Date "2016.12.04"]
[Round "21.4"]
[Board "2"]
[White "Rapport, Richard"]
[Black "Yu, Kaifeng"]
[Result "1-0"]
[WhiteTitle "GM"]
[BlackTitle "FM"]
[WhiteElo "2717"]
[BlackElo "2220"]
[WhiteTeam "Chengdu"]
[BlackTeam "Shenzhen"]
[WhiteFideId "738590"]
[BlackFideId "8609667"]
[EventDate "2016.04.12"]

1. e4 c5 2. g3 Nc6 3. Bg2 g6 4. d3 Bg7 5. f4 d6 6. Nh3 e6 7. Nf2 Nge7 8. Nd2 d5
9. e5 Nf5 10. Nf3 h5 11. O-O Bd7 12. c3 Qe7 13. Re1 b5 14. d4 b4 15. Bh3 c4 16.
Bd2 O-O 17. Bg2 a5 18. Ng5 a4 19. a3 bxa3 20. Rxa3 Rfb8 21. Bc1 Rb3 22. g4 hxg4
23. Qxg4 Nh6 24. Qh4 Rxa3 25. bxa3 Rb8 26. f5 gxf5 27. Nfh3 Rb1 28. Nf4 Na5 29.
Nh5 Bh8 30. h3 Nb3 31. Bf4 Rxe1+ 32. Qxe1 Qxa3 33. Kh2 Qe7 34. Qg3 a3 35. Nf3+
Kh7 36. Bxh6 Kxh6 37. Qg8 Qe8 38. Qg5+ Kh7 39. Qh4 Qc8 40. Ng5+ Kg8 41. Nf6+ Kg7
42. Qh7+ 1-0

[Event "TCh-CHN 2016"]
[Site "China CHN"]
[Date "2016.12.04"]
[Round "21.4"]
[Board "3"]
[White "Xu, Xiangyu"]
[Black "Zhao, Chenxi"]
[Result "1/2-1/2"]
[WhiteElo "2447"]
[BlackElo "2035"]
[WhiteTeam "Chengdu"]
[BlackTeam "Shenzhen"]
[WhiteFideId "8608288"]
[BlackFideId "8611513"]
[EventDate "2016.04.12"]

1. e4 c5 2. Nf3 e6 3. d4 cxd4 4. Nxd4 Nc6 5. Nb5 Nf6 6. N1c3 Bb4 7. a3 Bxc3+ 8.
Nxc3 d5 9. exd5 exd5 10. Qe2+ Be6 11. Bg5 d4 12. O-O-O Qa5 13. Bxf6 gxf6 14. Ne4
O-O-O 15. Qb5 Qc7 16. Kb1 Rd5 17. Nc5 Ne7 18. Nxe6 fxe6 19. Qc4 Rhd8 20. g3 e5
21. Qxc7+ Kxc7 22. Bg2 Rc5 23. Rhe1 Nd5 24. Rd3 Nb6 25. Be4 h6 26. Rb3 Rb8 27.
Rf3 Rf8 28. Bd3 Nc8 29. b4 Rc3 30. Rxe5 fxe5 31. Rxf8 Nd6 32. f3 Rxa3 33. g4 Ra4
34. h4 Rxb4+ 35. Kc1 1/2-1/2

[Event "TCh-CHN 2016"]
[Site "China CHN"]
[Date "2016.12.04"]
[Round "21.4"]
[Board "4"]
[White "Xu, Yuze"]
[Black "Ushenina, Anna"]
[Result "0-1"]
[BlackTitle "GM"]
[WhiteElo "1812"]
[BlackElo "2459"]
[WhiteTeam "Shenzhen"]
[BlackTeam "Chengdu"]
[WhiteFideId "8614466"]
[BlackFideId "14110911"]
[EventDate "2016.04.12"]

1. e4 c5 2. c3 Nf6 3. e5 Nd5 4. d4 cxd4 5. Nf3 Nc6 6. cxd4 d6 7. Bc4 dxe5 8.
Nxe5 e6 9. O-O Bd6 10. Bb5 O-O 11. Bxc6 bxc6 12. Nxc6 Qc7 13. Ne5 Bxe5 14. dxe5
Qxe5 15. Re1 Qf6 16. Nd2 Bb7 17. Ne4 Qg6 18. f3 Nb4 19. Qb3 a5 20. a3 Bd5 21.
Qa4 Nd3 22. Re3 Ne5 23. Nd2 f6 24. Qd4 Rfd8 25. Qf4 Rac8 26. Qg3 Qc2 27. f4 Ng6
28. Re1 a4 29. Nf1 Bb3 30. Ne3 Qd3 31. Nf1 Qc2 32. Ne3 Qc5 33. Qf2 Rd3 34. Ng4
Qf5 35. h3 h5 36. Ne3 Qxf4 37. Qxf4 Nxf4 38. Nf1 Ng6 39. Be3 Rc2 40. Bc1 Nh4 41.
Ne3 Rc8 42. Kf2 Kf7 43. g3 Ng6 44. Re2 h4 45. gxh4 Nxh4 46. Bd2 Ng6 47. Kg3 Rc2 0-1